000 00402nam a22001697a 4500
005 20160523113644.0
008 160523b xxu||||| |||| 00| 0 eng d
020 _a81-7188-365-6
041 _aeng
082 _b4196
100 _aHema / R Mythili/ G
_91034
245 _aApplied Economics
260 _aNew Delhi
_bAcademic Faundation
300 _a364
650 _aManagement
_9241
942 _cBK
999 _c1419
_d1419